| 000 | 01928nam a2200313 a 4500 | ||
|---|---|---|---|
| 001 | BRCA_3223 | ||
| 005 | 20190320204154.0 | ||
| 008 | 040309s1774----enka---###---#000-0#eng-# | ||
| 041 | _aeng | ||
| 044 | _aenk | ||
| 084 |
_a524 _b.C666 _c1774 |
||
| 100 | 1 |
_aCervantes Saavedra, Miguel de _d1547-1616 _9213 |
|
| 245 | 1 | 0 |
_aThe History of the Renowned Don Quixote de la Mancha _bBeing and Accurate, Complete and Most Entertaining Narrative of the Wonderful Achievements of that Incomparable Hero and Knigth Errant from his first Great Pursuit after Fame Inmortal, till the Close of his Celebrated Carrer: Including, Minutelly, every Curious Incident Attending his Faithful Squire and Servant Sancho Panza... _cTranslated from the Original Spanish of Miguel de Cervantes Saavedra by Henry Wilmot. |
| 260 |
_aLondres _bJ. Cooke _c1774 |
||
| 300 |
_a2 v. _bil. _c22 cm. |
||
| 500 | _aContenido : v.1 Primera parte. Introducción del editor. Noticia biográfica sobre Cervantes. Nota del traductor. -- v.2. Segunda parte. Prólogo del autor | ||
| 500 | _aTraducción de Wilmot, considerada como fiel al texto, aunque el traductor afirma en su nota, que se ha ceñido al verdadero espíritu del original. Edición regularmente impresa e ilustrada con varias láminas de poco valor artístico, debidas a Wale. Semipiel; lomeras decoradas con filetes dorados Lúdovik Osterc | ||
| 500 | _aEstado físico : vol. 1 cubierta ligeramente desprendida y primeras hojas desprendidas | ||
| 500 | _aQM420 | ||
| 546 | _aTexto en : inglés | ||
| 650 | 1 | 4 |
_aNovela española _yÉpoca clásica, 1500-1700 _9215 |
| 650 | 1 | 4 |
_aLiteratura española _yÉpoca clásica, 1500-1700 _9216 |
| 650 | 1 | 4 |
_aNovela española _ySiglo XVII _9217 |
| 650 | 1 | 4 |
_aDon Quijote (Personaje ficticio) _eNovela _9218 |
| 700 | 1 |
_aWilmot, Henry _d1612-1658 _eTraductor _98610 |
|
| 740 | 0 | _aEl Ingenioso Hidalgo Don Quijote de la Mancha | |
| 902 | _aQFM | ||
| 942 |
_2lcc _cB |
||
| 999 |
_c2959 _d2959 |
||